000
00298nam a2200121Ia 4500
008
190216s9999||||xx |||||||||||||| ||und||
100
_a
Joseph J Carr
245
0
_a
Fm Stereo/Quad Receiver Servicing Manual
260
_b
Foulsham Tab Ltd
_c
1974
300
_a
192p
650
_a
Physics
942
_c
BK
999
_c
33060
_d
33060